| 000 | 00794nam a22002177a 4500 | ||
|---|---|---|---|
| 003 | BUBTL | ||
| 008 | 210926b ||||| |||| 00| 0 eng d | ||
| 020 | _a9844381524 | ||
| 082 | _a344.0525492 / R1293b / 2018 | ||
| 100 |
_aরহমান, গাজী শামছুর _95292 |
||
| 245 |
_aবাংলাদেশ পুলিশ প্রবিধানের ভাষ্য-(1-2) _cগাজী শামছুর রহমান |
||
| 250 | _a1st | ||
| 260 |
_aঢাকা _bখোশরোজ কিতাব মহল লিঃ _cc2018 |
||
| 300 |
_a494 p . : _c21 cm. |
||
| 526 | _aLaw | ||
| 650 | _aLaw | ||
| 700 |
_aগাজী শামছুর রহমান _94214 |
||
| 856 |
_k0 _l0 _yDownload |
||
| 942 |
_2ddc _cBK |
||
| 999 |
_c6537 _d6537 |
||